| 000 | 00897cam a2200289 a 4500 | ||
|---|---|---|---|
| 001 | 000019661 | ||
| 005 | 20260120073950.0 | ||
| 008 | 770131s1969 sp 001 f spa d | ||
| 040 |
_aDO-SdBNP _bspa _cBNPHU |
||
| 082 |
_a863.3 _bT316c, 1969 |
||
| 100 | 0 |
_aTeresa de Jesús _cSanta, _d1515-1582 _915863 |
|
| 245 | 1 | 0 |
_aCamino de perfección / _cSanta Teresa. |
| 250 | _a4a ed. | ||
| 260 |
_aMadrid : _bEspasa-Calpe, _c1969. |
||
| 300 |
_a176, [16] p. ; _c19 cm. |
||
| 490 | 1 |
_aAustral. Gris: clásicos _v636 |
|
| 650 | 4 |
_aNovela española _91123 |
|
| 650 | 4 |
_aLiteratura española _9632 |
|
| 650 | 4 |
_aVida religiosa _915864 |
|
| 650 | 0 |
_aVida espiritual _9268 |
|
| 650 | 0 |
_aVida cristiana _9668 |
|
| 650 | 4 |
_aMediación entre dios y hombre _xCristianismo _915865 |
|
| 650 | 4 |
_aLiteratura católica _97418 |
|
| 830 | 0 |
_aAustral. _pGris: clásicos; _v636 _98199 |
|
| 910 | _aWM | ||
| 049 | _aBNGR | ||
| 999 |
_c19177 _d19177 |
||